00315nam a2200109Ia 4500008004000000082001700040100001700057245003000074260008200104300000800186650001100194210210b2001 xxu||||| |||| 00| 0 eng d a796.342 DATC aDATTA (P K). aCentury of indian tennis. aNew Delhi.bPublication Division Ministry of Information & Broadcastingc2001 a215 aTennis